[Event "Canadian Championship"]
[Site "Toronto CAN"]
[Date "2023.04.09"]
[Round "6.1"]
[White "Noritsyn, Nikolay"]
[Black "Sambuev, Bator"]
[Result "0-1"]
[WhiteElo "2546"]
[BlackElo "2514"]
[Annotator "Bator Sambuev"]
[PlyCount "96"]
[EventDate "2023.04.06"]
[EventType "swiss"]
[EventRounds "9"]
[EventCountry "CAN"]
[SourceVersionDate "2024.01.27"]

{[%mdl 32768] In 2022 I had some issues with health, and as result I lost
about 100 points of FIDE rating. It made me start working on chess a lot and
completely change my opening repertoire.   Many years ago I got an idea that
it would be logical to fianchetto the dark-squared bishop in Ruy Lopez,
instead of traditional ...Be7-Re8-Bf8 etc. This is how I started analyzing the
Steinitz variation; but I couldn't even begin to imagine how complicated this
opening was! I can say that the main line is one of the most complicated for
playing and analyzing. This past year this opening has brought me a huge
number of points, and the following game is one of the best games I ever
played.} 1. e4 e5 2. Nf3 Nc6 3. Bb5 a6 4. Ba4 d6 5. O-O Bd7 6. c3 Nf6 7. Re1 g6
8. d4 Bg7 9. h3 O-O {[#]} 10. Bc2 ({So we got some mix between Ruy Lopez and
King's Indian, and also it can be transposed to something like Benoni, e.g.} 
10. Nbd2 exd4 11. cxd4 Nb4 12. Bxd7 Qxd7 13. Nf1 c5 14. a3 Nc6 15. d5) 10...
Nh5 11. Be3 ({Computers say the best move here is} 11. a4 {which is what
Shirov played against me (see below).}) 11... Kh8 $1 {The point is to have ...
Rg8 in the case of de de, Bc5.} 12. Nbd2 Qe8 13. dxe5 ({Probably} 13. Nc4 {
is a bit more accurate.}) 13... dxe5 14. b4 f5 15. a4 b6 {[#]} 16. Nb3 $6 ({
It's not a mistake yet, but it becomes clear that White underestimates Black's
attack on the kingside. It would be better to keep more pieces around the king
with} 16. Nf1) 16... f4 17. Bc1 g5 $1 {This move obviously came as unpleasant
surprise for White.} 18. b5 ({If} 18. Nxg5 {then} Rd8 $1 {followed by ...Qg6
with a huge attack.}) 18... Ne7 $1 {[#] I wanted to keep my a8-rook on the
board.} 19. Ba3 $6 ({Too slow. It was necessary to launch counterplay on the
Queenside:} 19. a5 $1 g4 $1 20. hxg4 Bxg4 21. axb6 cxb6 22. bxa6 Ng6 {with
very sharp play.}) 19... axb5 20. axb5 Rd8 21. Nbd2 g4 {[#]} 22. Nh2 $2 ({
Now Black is winning. White had to take} 22. hxg4 Bxg4 {and now} 23. Qe2 Bf6
24. Bb3 $1 {taking the g-file under control. Black's attack looks scary, but
the computer says it's still equal, e.g.} Qg6 25. Red1 $1 Rg8 $5 26. Bxg8 Rxg8
27. Bxe7 (27. Kf1 Nf5 $1 $13) 27... Bxe7 28. Kf1 $8 (28. Ra7 $2 Bh3 $19) 28...
Be6 29. Ke1 $1 (29. Ne1 $2 f3 $1 30. Ndxf3 Nf4 $19) 29... Qxg2 30. Qf1 {
The computer says 0.00, but from a practical point of view it's definitely
easier to play for Black.}) 22... g3 $8 $19 23. Ng4 (23. Nhf3 gxf2+ 24. Kxf2
Bf6 {with an irresistible attack; or}) (23. fxg3 fxg3 24. Nhf1 Nf4 25. Nxg3
Bxh3 {winning.}) 23... f3 $1 {[#] editor - the black pawn on g3 is not a typo.}
24. gxf3 Nf4 25. fxg3 Nxh3+ 26. Kg2 Bxg4 {White could resign here but
preferred to play for another 20 moves. The rest is just matter of simple
technique.} 27. Re3 ({editor:} 27. fxg4 Rf2+ $8 28. Kxh3 Rdxd2 $19 {and White
has to give up the Q to stop mate.}) 27... Be6 28. Rd3 Rxd3 29. Bxd3 Rg8 30.
Bc4 {[#]} Bf6 $5 31. Bxe6 Nf4+ 32. Kf2 Nxe6 33. Qb3 Qf7 34. Rh1 Rd8 35. Nf1 Rd3
36. Qc2 Rd7 37. Ne3 Bg5 38. Bc1 Nc5 39. Kg2 Rd3 40. Re1 Qb3 41. Qe2 Bxe3 42.
Bxe3 Rxc3 43. Kh3 Rc2 44. Qd1 Qd3 45. Qa1 Qd7+ 46. g4 Ng6 47. Rd1 Qe7 48. g5
Ne6 {Maybe there were no spectacular moves and combinations, but I played very
accurately in an extremely complicated position that I had never played before.
} 0-1

[Event "Morocco King's Cup"]
[Site "?"]
[Date "2023.08.15"]
[Round "3"]
[White "Shirov, Alexei"]
[Black "Sambuev, Bator"]
[Result "0-1"]
[WhiteElo "2668"]
[BlackElo "2462"]
[Annotator "Bator Sambuev"]
[PlyCount "90"]
[EventDate "2023.??.??"]
[SourceVersionDate "2024.01.27"]

{[%mdl 32768]} 1. e4 e5 2. Nf3 Nc6 3. Bb5 a6 4. Ba4 Nf6 5. O-O d6 {This move
order allows me to avoid some lines. It doesn't mean I was scared of something,
I just wanted to get a particular position.} 6. Re1 Bd7 7. c3 g6 8. d4 Bg7 9.
h3 O-O 10. Bc2 {[#]} Nh5 $5 {This is not the only possible plan, and not even
the best one. I've been analyzing this Steinitz Lopez for more than one year,
played already about 20 tournament games in it... and still don't have the
feeling that I understand it well enough.} 11. a4 Qe8 12. Na3 f5 {[#] I had
analyzed this line until the endgame and couldn't imagine that my opponent had
done the same. But during the game I was literally shocked...  It turned out
that there was some correspondence game that I did not have in my database,
but he did!} 13. Nc4 fxe4 14. Bxe4 Qf7 15. dxe5 $1 Be6 16. Bxc6 bxc6 17. Na5
Bd5 18. Ra3 $1 {[#]  Here I realized that somehow my opponent was ready for
this line. On the other hand, this ending is not dangerous for Black, the only
problem is that I didn't analyze that far.} Bxf3 19. Qxf3 Qxf3 20. gxf3 Bxe5
21. Nxc6 Bf4 $1 {[#]} 22. Be3 ({editor: Four months later, White unimproved
with:} 22. Bxf4 Nxf4 23. Rb3 Nxh3+ 24. Kh2 Ng5 (24... Rxf3 $13) 25. Kg2 Rxf3
26. Rb8+ Rxb8 27. Nxb8 a5 $11 {Miranda Mesa,E (2495)-Figueredo Losada,L (2379)
Carlos Torre Memorial op 33rd 2023 (7) 1/2-1/2}) 22... Bxe3 23. Rxe3 Nf4 {[#]}
24. Rb3 ({I was sure that this position cannot be dangerous for Black and
considered only couple of natural moves like} 24. Kh2 Nd5 $1) ({or} 24. h4 Nd5
$1 {The text move I didn't analyze.}) 24... Nxh3+ ({Here is a forcing way to
get a draw:} 24... Nd5 25. Ne7+ Nxe7 26. Rxe7 Rab8 ({ed. -} 26... Rf7 $4 27.
Rxf7 Kxf7 28. Rb7 Rc8 29. Ra7 $18) 27. Rxb8 Rxb8 28. Rxc7 Rxb2 29. Rc6 d5 $11 {
The text move is also OK.}) 25. Kh2 Nf4 26. Rb7 {[#]} Kh8 $6 ({For some
reasons I didn't like position after more natural} 26... Rf7 {but it's totally
safe for Black, e.g.} 27. a5 ({or} 27. Rb8+ Rxb8 28. Nxb8 c5 29. b4 cxb4 30.
cxb4 Nd5 31. Re8+ Kg7 32. Nxa6 Rxf3 $11) 27... Kg7 28. c4 d5 $1 29. c5 g5 30.
b4 h5 $11 {and there's no way for White to make progress.}) 27. c4 Rf5 28. Re7
{[#]} Raf8 $4 ({After this move White could win. I just didn't realize that in
this position move order really matters. Correct was:} 28... Rh5+ $1 29. Kg1 ({
or} 29. Kg3 Rf8 30. Rbxc7 Rh3+ 31. Kg4 Rh1 32. Rf7 Rxf7 33. Rxf7 Ne6 34. Kg3
Rg1+ 35. Kh2 Rc1 36. b3 Nc5 37. Na5 Rb1 $11) 29... Rg8 $3 {(in other case
White wins)} 30. Rexc7 (30. Rbxc7 g5 31. Rcd7 {[%mdl 4160] (by the way, the
only move)} g4 32. Rd8 gxf3+ $11) 30... Re8 31. Ne7 Rg5+ 32. Kf1 Rh5 33. Ke1 d5
$1 34. Kd2 (34. c5 Ne6 35. Rc6 Nxc5 36. Rxc5 Re5+ $11) 34... dxc4 35. Rxc4 g5 {
White still has some chances but with accurate play it should be a draw.}) 29.
Rbxc7 Rh5+ 30. Kg1 $1 Rg5+ 31. Kf1 Rh5 32. Ke1 Nd3+ 33. Kd2 Nxb2 {[#]} 34. Nb4
$2 ({This move looks logical because when the knight appears on f6 it's over.
The only problem is that now the knight will never reach this square! White
had to choose a longer route:} 34. Nd4 $1 Nxa4 35. Ne6 Rb8 36. Nf4 Rh6 37. Nd5
g5 38. Rf7 $18 {and Nf6 wins.}) ({There was another way to win, much less
obvious:} 34. c5 $5 {e.g.} Kg8 35. Kc2 Nc4 36. Kc3 Rh4 37. f4 $3 Rfxf4 38. Re8+
Rf8 39. Ne7+ Kf7 40. Rxf8+ Kxf8 41. c6 $18) 34... Kg8 $8 {After this "only
move" Black is safe, probably White missed that.} 35. Rg7+ (35. Nd5 Nxc4+ 36.
Kc2 (36. Kc3 Rxf3+ 37. Kb4 $8 $11 (37. Kxc4 $4 Rh4+ $19)) 36... Na5 37. Rg7+
Kh8 38. Rgd7 {[%mdl 32832] Analysis Diagram [#] Critical Position White's
pieces could hardly be better coordinated while all Black's pieces are
scattered around the edge of the board. Clearly there's no way to survive this
when Shirov is White?} Nc6 $8 ({Clearly not:} 38... Rxd5 $4 39. Rxh7+ Kg8 40.
Rcg7#) ({or} 38... Rh2 $4 39. Nf6 $1 $18) 39. Nf6 (39. Rxc6 {deflects the R
from the 7th, allowing} Rxd5 40. Rxa6 $11 (40. Rcc7 $4 Rc5+ $19)) 39... Rc5+ $8
40. Kd2 Ne7 $8 $11 {blocking the mate on h7 and trading either a R or the N; e.
g.} 41. Ra7 Rxf6 $8 42. Rxe7 Rc8 $11) 35... Kh8 36. Rge7 Kg8 37. Kc2 Nxa4 $11
38. Rg7+ (38. Nd5 Nc5 $11) 38... Kh8 39. Rgd7 Rh2 $1 40. Rxd6 Rxf2+ 41. Kb3 {
[#]} a5 $5 {My opponent already was in time trouble, so I decide to complicate
things a bit.  After the simple:} (41... Nb2 42. Nxa6 R8xf3+ 43. Kb4 Nd3+ 44.
Kb5 Ne5 45. c5 {Black has no chances to convert the extra pawn.}) 42. Nd5 $4 {
I'd been hoping for this move. After the game Shirov said that he simply
forgot that he could take my knight:} (42. Kxa4 axb4 43. Kxb4 R8xf3 $11) 42...
Rb8+ $1 43. Ka3 Rf1 $8 $19 44. Nb4 Ra1+ ({ed. -} 44... axb4+ 45. Kxa4 Rxf3 $19
{also wins.}) 45. Na2 Nc3 0-1

[Event "Morocco King's Cup"]
[Site "Casablanca"]
[Date "2023.08.15"]
[Round "2"]
[White "Sambuev, Bator"]
[Black "Bosiocic, Marin"]
[Result "1-0"]
[WhiteElo "2462"]
[BlackElo "2541"]
[Annotator "Bator Sambuev"]
[PlyCount "87"]
[EventDate "2023.??.??"]
[EventCountry "MAR"]
[SourceVersionDate "2024.01.27"]

1. d4 Nf6 2. c4 e6 3. Nc3 Bb4 4. e3 O-O 5. Bd3 d5 6. Nf3 c5
7. O-O Nc6 8. a3 Bxc3 9. bxc3 dxc4 10. Bxc4 Qc7 11. Re1 $5 {[#] A surprisingly
rare move. Looks like nobody understands what's the point.} e5 12. h3 $1 ({Not
} 12. d5 $6 Na5 (12... e4 $2 13. dxc6 exf3 14. Qxf3 $16 {Reshevsky-Euwe,
Candidates Tournament, 1953. (1-0, 20)}) 13. d6 $1 Qd8 14. Nxe5 Nxc4 15. Nxc4
Be6 16. Qd3 Ng4 17. Qe2 Qh4 18. h3 Qxf2+ $11) 12... e4 ({Probably it's better
to play} 12... h6) ({One of the key ideas:} 12... Bf5 $6 13. e4 $1 Bxe4 (13...
Bg6 $2 14. d5 Rad8 $2 15. Bg5 $18 {½-½ Injac,T (2391)-Aditya,M (2505)
Fagernes op-A 2023 (2)}) (13... Nxe4 $6 14. Nh4 Qd7 15. Qf3 Nd6 16. Nxf5 Qxf5
17. Qxf5 Nxf5 18. dxe5 $16) 14. Ng5 Bg6 15. dxe5 Nxe5 16. Bf4 Rfe8 17. Ne6 $1
fxe6 18. Bxe5 $14) ({editor:} 12... cxd4 $6 13. cxd4 Nxd4 $6 14. Bxf7+ $16) 13.
Nd2 Bf5 14. a4 Rfe8 ({It was better to delay this move:} 14... b6 15. Ba3 Rad8
{and after} 16. Bb5 {the knight is not pinned.}) 15. Ba3 b6 16. Bb5 {[#]  Now
the position is quite unpleasant for Black because it's not easy to find moves.
} Rad8 ({It was better to unpin the knight immediately:} 16... Re6 {e.g.} 17.
f4 ({probably it's better to play} 17. Nf1) 17... Nd5 (17... exf3 $2 18. Qxf3
Bg6 19. e4 $1 cxd4 20. e5 dxc3 21. Qxc3 Nd5 22. Qc4 a6 $1 23. Qxd5 axb5 24. Bd6
Qd7 25. Rac1 Rc8 26. Qxb5 {and the position is close to winning.}) 18. dxc5
bxc5 19. Bxc5 Rg6 20. Kh1 Rd8 21. Rc1 Rh6 22. Bf1 {(one of the ideas of the
move Re1: the f1 square is available for minor pieces)} Nf6 (22... g5 23. g4
Bc8 24. fxg5 Rh4 25. Qe2 Ne5 26. Qh2 Nxg4 27. Qxc7 Nxc7 28. Bd4 {and White is
slightly better.}) 23. Bd4 g5 $1 24. fxg5 Ng4 25. Qxg4 $1 Bxg4 26. gxh6 {
The position is roughly equal, but it's easier to play for White.}) 17. Qc2 ({
White's only inaccuracy in the game.The immediate} 17. Nf1 {is better, e.g.}
Re6 $6 18. Ng3 Bg6 19. Qc2 Na5 20. Ne2 $1 cxd4 21. Nxd4 Re5 22. Bb4 Rg5 23.
Bxa5 bxa5 24. Red1 $16) 17... Qc8 18. Red1 {[#]} Re6 $2 ({It's not easy to
find the way to equalize:} 18... Rd5 $1 19. c4 (19. Nf1 Bxh3 $1 $13) 19... Nxd4
$1 20. exd4 e3 21. Qb2 Bxh3 $1 22. cxd5 $8 (22. gxh3 $4 Rg5+ $19) 22... Bxg2 $1
23. Nf1 (23. Kxg2 $4 Qg4+ $19) 23... Qg4 $1 (23... Qh3 $2 24. fxe3 $8 Qh1+ 25.
Kf2 $16) 24. Nxe3 Rxe3 $8 25. fxe3 Bxd5+ $11 26. Kf1 Ne4 27. Qh2 Qf3+ $11) ({
There is another way, but it's definitely not for human chess:} 18... h6 $3 19.
Bf1 Nh7 {(this is the point, but the complications are only beginning)} 20. Nc4
Ng5 21. dxc5 {[#] Analysis Diagram} Bxh3 $1 {and somehow it's a draw:} 22. Rxd8
(22. gxh3 Nxh3+ 23. Bxh3 Qxh3 $11 {ed. - White can't defend the checks on the
light squares without allowing a perp; e.g.} 24. Qe2 $4 Ne5 $1 (24... Re6 $19)
25. Nxe5 Rxd1+ 26. Rxd1 Rxe5 $19 {that thing on a3 may look like a piece, but
it doesn't move like one.}) 22... Rxd8 ({after} 22... Nxd8 23. Qe2 {White can
keep playing.}) 23. gxh3 bxc5 $3 {[#] Analysis Diagram} 24. Rd1 (24. Bg2 Nf3+
25. Bxf3 exf3 26. Kh2 Qe6 27. Nb2 Qe5+ 28. Kh1 Qe6 $11) 24... Nf3+ $8 25. Kg2
Rd5 $3 26. Qxe4 $8 (26. Rxd5 Ne1+ $19) 26... Ng5 $1 27. Qxd5 $8 Qxh3+ 28. Kg1
Nf3+ 29. Qxf3 Qxf3 {and according to the computer it's just 0.00.}) ({It is
interesting to see why ...h6 is better than ...h5:} 18... h5 $6 19. Bf1 Nh7 20.
Nc4 Ng5 21. dxc5 Bxh3 22. Rxd8 Rxd8 (22... Nxd8 23. Qd1 $1 Bg4 $2 24. Qd5 $1
$18 {XNg5 and Nd6 fork.}) 23. gxh3 bxc5 24. Rd1 Nf3+ 25. Kg2 Rd5 26. Qxe4 Ng5
27. Qh4 $1 $16 {It proves to be that the pawn on h6 makes the whole difference:
knight must be protected.}) 19. Nf1 $1 {This natural move required very
precise calculating.} cxd4 {If White gets to play Ng3 then Black loses all
attacking chances and White's bishop pair and strong centre will tell very
shortly. That was Black's idea, but he missed one intermediate move. [editor:
on move 28!]} 20. cxd4 a6 $8 {[#]} 21. d5 $1 (21. Be2 $4 Nxd4 $8 $13) 21...
Nxd5 $2 ({Now White wins. Black had to play} 21... Rxd5 22. Rxd5 Nxd5 23. Be2 {
that was my idea. Now all Black's pieces are placed very unfortunately and the
only White task is to gain the pawn back in better circumstances.} Re8 $1 {
(the only move)} 24. Qb3 $5 (24. Bxa6 Qxa6 25. Qxc6 $14) 24... Be6 25. Qb2 Na5
26. Rc1 Qb7 27. Ng3 Nf6 $6 28. Qb4 $5 Nc6 29. Qd6 Rc8 30. Bxa6 Qxa6 31. Rxc6
$16) 22. Rac1 $1 axb5 23. axb5 {[#]} Bxh3 ({If Black had traded rooks on move
21 he could play here} 23... Qa8 {but now there will be} 24. bxc6 Qxa3 25. c7
$8 $18) (23... Na7 $2 24. Qxc8 Nxc8 25. Rxd5 $18) 24. gxh3 Rg6+ 25. Ng3 Nxe3
26. Rxd8+ Qxd8 {[#]} 27. Qxe4 $1 (27. Qb3 {also wins:} Nd4 28. Qxe3 Nf5 29. Qd2
$1 {, but the text move is stronger.}) 27... Re6 28. bxc6 $1 {(this is the
point)} Rxe4 29. c7 $8 {[#]  Worth a diagram: Materially, White has only a B
for a Q, but all of Black's pieces are hanging and White's pieces perfectly
support the passed pawn. - editor.} Qc8 30. Nxe4 Nd5 31. Nd6 Qxc7 32. Rxc7 Nxc7
{The rest is simple.} 33. Kg2 f6 34. Kf3 h5 35. Ke4 Ne6 {[#]} 36. f4 Kh7 37.
Bc1 Nc5+ 38. Kd5 Kg6 39. Be3 h4 40. f5+ Kh7 41. Nc8 Nd3 42. Nxb6 g6 43. Ke6 Kg7
44. Nd5 {I'm proud of this game: only one inaccuracy and very precise
calculation in a very complex middlegame.} 1-0

[Event "Excelsior April Open"]
[Site "Toronto CAN"]
[Date "2023.04.23"]
[Round "4.1"]
[White "Reprintsev, Alexander"]
[Black "Sambuev, Bator"]
[Result "0-1"]
[WhiteElo "2361"]
[BlackElo "2510"]
[Annotator "Bator Sambuev"]
[PlyCount "68"]
[EventDate "2023.04.21"]
[EventType "swiss"]
[EventRounds "5"]
[EventCountry "CAN"]
[SourceVersionDate "2024.01.27"]

1. e4 c5 2. g3 Nc6 ({The most principled move, from my point of
view, is} 2... d5 {; but I know practically nothing about the following weird
line:} 3. exd5 Qxd5 4. Nf3 Bg4 5. Bg2 Qe6+ 6. Kf1 $13) 3. Bg2 g6 4. Nc3 ({
So we get a Closed Sicilian. It's difficult to gain any profit from the
absence of the knight on c3:} 4. Ne2 Bg7 5. c3 e5 $1) 4... Bg7 5. d3 e6 6. Be3
{[#]} Nd4 ({Small inaccuracy. More accurate is} 6... d6 {and only after} 7.
Nge2 Nd4 {My idea was to do without ...d6 so I could play ...d5 in one move if
possible.}) 7. Nge2 ({Here White could play} 7. Nce2 $1 {followed by c3 with
some edge.}) 7... Ne7 8. a3 $6 ({Very strange plan. It would be better to
launch play on the other side:} 8. h4 {The idea is to secure g5 square for the
dark-squared bishop:} h5 9. O-O O-O 10. Bg5) 8... O-O ({After the previous
White move it was very unlikely that my opponent would play h4, so I castled.
From a computer point of view, more accurate is} 8... d6 {in order to meet} 9.
h4 {with} e5 $1) 9. Rb1 $6 {[#]} ({Yes, yes: we all know from Alpha Zero that
in any position we should play} 9. h4 $1) 9... d5 ({At least consistent.
Apparently, in a Closed Sicilian it's better to keep the pawn on d6:} 9... d6
10. b4 b6 $15 {On the other hand, the text move is obviously not a mistake.})
10. exd5 exd5 11. Nf4 h5 $1 {[#] It's useful to provoke weakening.} 12. h3 (12.
Nfxd5 $4 Nxd5 13. Bxd5 (13. Nxd5 Bg4 $19) 13... Bg4 14. f3 Nf5 $1 $19) 12...
Nxc2+ $1 13. Qxc2 d4 {[#]} 14. Ne4 $2 ({This move came as a pleasant surprise
to me. I considered only} 14. Bd2 dxc3 15. Bxc3 Nf5 16. O-O Nd4 17. Bxd4 Bxd4
18. b4 {White's activity compensates for the opponent's bishop pair and better
pawn structure.}) 14... dxe3 15. fxe3 Nf5 16. Kf2 $2 {[#]} ({That's too
optimistic. After the more cautious} 16. Qf2 {Black is clearly better but
White is still in business.}) 16... b6 $1 ({I understood that this position is
practically winning for me. Of course it was tempting to sacrifice something
immediately: White is literally asking for this. I spent some time calculating
different versions of a sacrifice on e3 but didn't find anything convincing.
Black gets adequate compensation but not more, e.g.} 16... h4 17. g4 Nxe3 18.
Kxe3 f5 19. Nxg6 Re8 20. gxf5 Bxf5 21. Qc4+ Be6 22. Qxc5 Bf7 23. Nf4 Rc8 24.
Qxa7 b6 25. Rbc1 Qd4+ 26. Kf3 Bh5+ $5 27. Nxh5 Qxd3+ 28. Kg4 Qe2+ 29. Kxh4
Rxe4+ 30. Bxe4 Qxe4+ 31. Kg5 Qe5+ 32. Kg4 Qe2+ $11) ({Eventually I realized
that my main enemy is the knight on e4, so it should be eliminated.} 16... Bd7
{is probably a bit more accurate, but I wanted to protect c5, just in case.})
17. Qc4 {Frankly speaking, I didn't see this move and somehow it confused me.
I was ready to sacrifice a piece on the previous move, but now for some reason
I chose to protect the pawn.} ({After} 17. Nxc5 {it's time to sacrifice:} h4 $1
18. Bxa8 (18. g4 Nxe3 $19) 18... hxg3+ 19. Ke2 bxc5 20. Be4 Bh6 21. Rhf1 Nxe3
$1 22. Kxe3 Bxh3 23. Qxc5 Qh4 24. Rf3 Bg4 $19) 17... Be6 $2 ({After} 17... Bb7
18. Nxg6 b5 $1 19. Qa2 Qxd3 {Black wins.}) 18. Nxe6 fxe6 19. Ke2 $8 {[#]
Somehow I missed this simple move, and after a long think I realized that now
White's king is totally safe.} Qe7 ({My very first thought was} 19... Kh8 $1 {
but I wasn't sure what to do after the simple} 20. Rhf1 (20. Qxe6 $4 Nxe3 $1
21. Kxe3 Qd4+ 22. Ke2 Rae8 $19 {and ...Rf2+ is next.}) {I missed} 20... Qd5 $1
{and Black is clearly better.}) 20. g4 $1 (20. Rhf1 $2 b5 $1 21. Qxb5 Bd4 $1
22. Rf3 Bxe3 $17) 20... Nh4 ({Here I missed an interesting possibility:} 20...
b5 $5 21. Qxb5 Nh4 {and White should give up the bishop:} 22. Qxc5 (22. Rhg1 $2
Qc7 $1 $19) 22... Qxc5 23. Nxc5 Nxg2 {but after the accurate} 24. b4 $1 {
according to the computer it's equal.} (24. Rhg1 $6 {gives Black some chances:}
Nxe3 $1 25. Kxe3 Rad8 26. b4 $1 (26. Nb3 Rd5 $17) 26... Bd4+ 27. Ke4 Bxg1 28.
Rxg1 $15)) 21. Rhg1 {[#]} hxg4 $6 ({I had to accept that fact that I lost all
advantage and just to continue playing normal chess:} 21... Rae8 22. gxh5 Qc7 {
with dangerous threats. White still should be accurate:} 23. h6 $1 Bxh6 24.
Nf6+ $1 Rxf6 25. Qxh4 $11 {Instead I followed a weird idea that could lead me
to defeat.}) 22. hxg4 Rf7 $4 23. b4 ({White could win after} 23. Ng5 $1 Nxg2
24. Nxf7 Nh4 (24... Nxe3 25. Qe4 $1 $18) 25. Rbf1 Rf8 26. g5 $1 $18) 23... cxb4
{[%mdl 32832] [#] Critical Position} 24. Qxb4 $4 {Any other capture keeps the
position equal, now Black suddenly wins.} ({editor:} 24. Nf6+ $2 {invites
Black's Q in:} Qxf6 $8 25. Rgf1 (25. Bxa8 Qf2+ $19) (25. Rbf1 Qb2+ $19) 25...
Qe5 26. Bxa8 (26. Rxf7 Nxg2 $19) 26... Qh2+ $19) 24... Qc7 $1 {Eyeing h2 and
c2.} 25. Qe1 Nxg2 (25... Raf8 $1 26. Qxh4 Qc2+ 27. Nd2 Bc3 28. Rbd1 Bxd2 29.
Rxd2 Rf2+ {is more convincing, but my way also works.}) 26. Rxg2 Qc2+ 27. Nd2
Rd8 28. d4 e5 $1 29. Qh4 {[#]} Bf6 (29... Rdd7 {is even better.}) 30. g5 exd4
$1 31. Qe4 d3+ 32. Ke1 Bc3 33. Qxg6+ Kf8 34. Qh6+ Ke7 0-1